| 000 | 00443cam a2200157ua 4500 | ||
|---|---|---|---|
| 003 | OSt | ||
| 008 | 240321b |||||||| |||| 00| 0 eng d | ||
| 041 | _aeng | ||
| 082 |
_a664.02 _bOKE/PR |
||
| 100 |
_aO`Kelly, Elizabeth . _96166 |
||
| 245 | _aProcessing and storage of food grains by rural families / | ||
| 260 |
_aUN (Rome) : _bFood&agriculture organisation , _c1983. |
||
| 300 | _a129 ; . | ||
| 700 | 1 |
_aForster, R. H. _96167 |
|
| 942 | _cBK | ||
| 999 |
_c6937 _d6937 |
||